All Flags to Capitals - Statistics

General Stats
  • This quiz has been taken 880 times
  • The average score is 160 of 196
Answer Stats
Picture Answer % Correct
Vatican City
91%
Ottawa
90%
Berlin
89%
Brasília
89%
London
89%
Mexico City
89%
Moscow
89%
Paris
89%
Seoul
89%
Tokyo
89%
Amsterdam
88%
Beijing
88%
Bloemfontein | Pretoria | Cape Town
88%
Brussels
88%
Canberra
88%
Copenhagen
88%
Dublin
88%
Helsinki
88%
Kingston
88%
Lisbon
88%
Luxembourg
88%
Madrid
88%
New Delhi
88%
Oslo
88%
Rome
88%
Stockholm
88%
Warsaw
88%
Washington, D.C.
88%
Ankara
87%
Athens
87%
Bangkok
87%
Bern
87%
Budapest
87%
Buenos Aires
87%
Cairo
87%
Hanoi
87%
Havana
87%
Jakarta
87%
Jerusalem
87%
Kyiv
87%
Minsk
87%
Panama City
87%
Reykjavík
87%
San Marino
87%
Singapore
87%
Tehran
87%
Tunis
87%
Wellington
87%
Abu Dhabi
86%
Manila
86%
Monaco
86%
Prague
86%
Pyongyang
86%
Riga
86%
Sofia
86%
Tirana
86%
Zagreb
86%
Andorra la Vella
85%
Beirut
85%
Belgrade
85%
Bogotá
85%
Bratislava
85%
Bucharest
85%
Caracas
85%
Islamabad
85%
Kuala Lumpur
85%
Lima
85%
Rabat
85%
Riyadh
85%
San Salvador
85%
Santiago
85%
Sarajevo
85%
Taipei
85%
Tallinn
85%
Valletta
85%
Vienna
85%
Baghdad
84%
Doha
84%
Guatemala City
84%
Kathmandu
84%
Ljubljana
84%
Nicosia
84%
Tbilisi
84%
Vaduz
84%
Algiers
83%
Chișinău
83%
Djibouti
83%
Kabul
83%
Montevideo
83%
Nairobi
83%
Quito
83%
Skopje
83%
Addis Ababa
82%
Astana
82%
Asunción
82%
Baku
82%
Damascus
82%
Dhaka
82%
Kuwait City
82%
Malé
82%
Phnom Penh
82%
Podgorica
82%
Port-au-Prince
82%
Pristina
82%
São Tomé
82%
Ulaanbaatar
82%
Vilnius
82%
Accra
81%
Amman
81%
Kinshasa
81%
Managua
81%
Nassau
81%
Sanaa
81%
San José
81%
Santo Domingo
81%
Tripoli
81%
Abuja
80%
Belmopan
80%
Dakar
80%
Georgetown
80%
Mogadishu
80%
Paramaribo
80%
Port Moresby
80%
Tashkent
80%
Tegucigalpa | Comayagüela
80%
Vientiane
80%
Antananarivo
79%
Bishkek
79%
Brazzaville
79%
Harare
79%
Manama
79%
Monrovia
79%
Muscat
79%
Sri Jayawardenepura Kotte
79%
Yerevan
79%
Ashgabat
78%
Bandar Seri Begawan
78%
Bissau
78%
Freetown
78%
La Paz | Sucre
78%
Luanda
78%
Naypyidaw
78%
Port of Spain
78%
Victoria
78%
Windhoek
78%
Dili
77%
Dushanbe
77%
Gaborone
77%
Juba
77%
Ouagadougou
77%
St. John's
77%
Thimphu
77%
Bridgetown
76%
Kampala
76%
Khartoum
76%
Lusaka
76%
Maputo
76%
N'Djamena
76%
Roseau
76%
Kigali
75%
Lomé
75%
Moroni
75%
Praia
75%
St. George's
75%
Suva
75%
Yamoussoukro
75%
Asmara
74%
Castries
74%
Conakry
74%
Dodoma
74%
Gitega
74%
Libreville
74%
Nouakchott
74%
Yaoundé
74%
Apia
73%
Bangui
73%
Kingstown
73%
Lilongwe
73%
Mbabane | Lobamba
73%
Niamey
73%
Port Louis
73%
Porto-Novo
73%
Banjul
72%
Funafuti
72%
Maseru
72%
Ngerulmud
72%
Palikir
72%
South Tarawa
72%
Bamako
71%
Basseterre
71%
Malabo
71%
Port Vila
71%
Yaren
71%
Honiara
70%
Nukuʻalofa
70%
Majuro
68%
No matching quizzes found
Score Distribution
Percent of People with Each Score
Percentile by Number Answered
Your Score History
You have not taken this quiz